[Event "19th Hogeschool Zeeland Tournament"]
[Site "Vlissingen"]
[Date "2015.08.05"]
[Round "6"]
[Board "23"]
[White "Yogesh, Gautam"]
[Black "Goldie, Thomas"]
[Result "0-1"]
[WhiteElo "2207"]
[BlackElo "2067"]
[PlyCount "74"]
[EventDate "2015.08.01"]
[EventRounds "9"]
[EventCountry "NED"]

1. e4 c5 2. Nf3 d6 3. d4 cxd4 4. Nxd4 Nf6 5. Nc3 a6 6. Bg5 e6 7. f4 Qb6 8. Qd2
Nc6 9. Nb3 Ng4 10. f5 h6 11. Bf4 Be7 12. h3 Nge5 13. O-O-O Qc7 14. Be2 Bd7 15.
Kb1 O-O-O 16. g4 Kb8 17. Be3 Na7 18. Bf4 Bc6 19. Nd4 Bd7 20. fxe6 fxe6 21. Nf5
Bc8 22. Nxg7 Bg5 23. Nh5 Qe7 24. Rhf1 Nac6 25. Na4 b5 26. Nc3 Bb7 27. a3 Ka8
28. Qe3 Na5 29. Bxb5 axb5 30. Nxb5 Bc6 31. Qb6 Bxb5 32. Qxa5+ Qa7 33. Qxb5 Rb8
34. Qe2 Qxa3 35. Bxe5 dxe5 36. c3 Rb6 37. Qc4 Qxb2# 0-1

[Event "19th Hogeschool Zeeland Tournament"]
[Site "Vlissingen"]
[Date "2015.08.05"]
[Round "6"]
[Board "24"]
[White "Goormachtigh, Johan"]
[Black "Dardha, Daniel"]
[Result "1-0"]
[WhiteElo "2191"]
[BlackElo "1941"]
[PlyCount "59"]
[EventDate "2015.08.01"]
[EventRounds "9"]
[EventCountry "NED"]

1. d4 f5 2. e4 fxe4 3. Nc3 Nf6 4. Bg5 g6 5. h4 h6 6. Bxf6 exf6 7. Qg4 Kf7 8.
Bc4+ d5 9. Bxd5+ Kg7 10. Qxe4 Bf5 11. Qf3 c6 12. Be4 Qxd4 13. Bxf5 gxf5 14.
Qxf5 Bb4 15. Rh3 Qe5+ 16. Qxe5 fxe5 17. Rd1 Kf6 18. a3 Bxc3+ 19. Rxc3 Re8 20.
Rd6+ Re6 21. Rd8 Ke7 22. Rcd3 e4 23. Rd1 Rg6 24. g3 e3 25. Rh8 exf2+ 26. Kxf2
Rf6+ 27. Nf3 Rf8 28. Rxf8 Kxf8 29. Rd8+ Ke7 30. Rh8 1-0

[Event "19th Hogeschool Zeeland Tournament"]
[Site "Vlissingen"]
[Date "2015.08.05"]
[Round "6"]
[Board "25"]
[White "Oosterom, Erik"]
[Black "Voege, Tobias"]
[Result "1/2-1/2"]
[WhiteElo "2082"]
[BlackElo "2191"]
[PlyCount "92"]
[EventDate "2015.08.01"]
[EventRounds "9"]
[EventCountry "NED"]

1. Nf3 c5 2. c4 g6 3. d4 cxd4 4. Nxd4 Bg7 5. e4 Nc6 6. Be3 Nf6 7. Nc3 O-O 8.
Be2 d6 9. O-O Bd7 10. Rc1 Nxd4 11. Bxd4 Bc6 12. f3 Nd7 13. Be3 a5 14. b3 Nc5
15. Kh1 Qb6 16. Qc2 Rfc8 17. Rb1 Qd8 18. Qd2 h5 19. Rbd1 Kh7 20. Nd5 b6 21. Qe1
Rab8 22. Bg5 Bxd5 23. exd5 Bh6 24. Bh4 Rb7 25. f4 Qd7 26. Bf3 Kg8 27. Bf2 Bxf4
28. Bxc5 bxc5 29. Bxh5 Be5 30. Qf2 Qe8 31. Bg4 f5 32. Bh3 Kg7 33. g4 Qh8 34.
Qg2 f4 35. g5 Rf8 36. Qg4 Qh5 37. Rd3 Qxg4 38. Bxg4 Rfb8 39. Kg2 a4 40. Bd1 Rh8
41. Rh3 axb3 42. Bxb3 Rxh3 43. Kxh3 Kf7 44. Kg4 e6 45. dxe6+ Kxe6 46. Rf3 Kf7
 1/2-1/2

[Event "19th Hogeschool Zeeland Tournament"]
[Site "Vlissingen"]
[Date "2015.08.05"]
[Round "6"]
[Board "26"]
[White "Boucquet, Emile"]
[Black "Hammann, Jonas"]
[Result "1/2-1/2"]
[WhiteElo "2161"]
[BlackElo "1845"]
[PlyCount "121"]
[EventDate "2015.08.01"]
[EventRounds "9"]
[EventCountry "NED"]

1. d4 d5 2. c4 e6 3. Nc3 c5 4. cxd5 exd5 5. Nf3 Nc6 6. g3 Nf6 7. Bg2 Be7 8. Bg5
c4 9. O-O O-O 10. Ne5 Be6 11. b3 Qa5 12. Qd2 Bb4 13. Nxc6 bxc6 14. Bxf6 gxf6
15. Rfc1 Rab8 16. bxc4 dxc4 17. Bxc6 Rb6 18. Bg2 Rfb8 19. h4 Bxc3 20. Qxc3 Qxc3
21. Rxc3 Rb2 22. Bf3 Rd2 23. d5 Bxd5 24. Bxd5 Rxd5 25. Rac1 Rb2 26. R1c2 Rd2
27. Rxd2 Rxd2 28. a3 Ra2 29. Kg2 Kf8 30. Kf3 Ke7 31. Ke3 Kd6 32. Kd4 Rxe2 33.
Rf3 Ke6 34. Kxc4 Rb2 35. Kd4 Ra2 36. Ke4 f5+ 37. Kd4 Rc2 38. Kd3 Ra2 39. Kc4
Rb2 40. Kc3 Rb1 41. Kc2 Rb5 42. Rf4 Ke5 43. Ra4 a5 44. Kc3 Kd5 45. Rd4+ Ke6 46.
Ra4 Kd5 47. Kd3 Rb3+ 48. Ke2 Rb5 49. Rf4 Ke5 50. Kf1 Rb3 51. Ra4 Rb5 52. Kg2
Rc5 53. h5 Kf6 54. Kf3 Kg5 55. Ke3 Kxh5 56. Kd4 Rb5 57. Kc3 Re5 58. Rf4 Kg5 59.
Rh4 Re2 60. Rf4 h5 61. Kd3 1/2-1/2

[Event "19th Hogeschool Zeeland Tournament"]
[Site "Vlissingen"]
[Date "2015.08.05"]
[Round "6"]
[Board "27"]
[White "Hoogland, Mike"]
[Black "Boelhouwer, Collin"]
[Result "1-0"]
[WhiteElo "2035"]
[BlackElo "2158"]
[PlyCount "107"]
[EventDate "2015.08.01"]
[EventRounds "9"]
[EventCountry "NED"]

1. d4 Nf6 2. c4 g6 3. Nc3 Bg7 4. e4 d6 5. Nf3 O-O 6. h3 Na6 7. Bg5 e5 8. d5 Qe8
9. g4 Nd7 10. Rg1 Kh8 11. Qd2 Ndc5 12. O-O-O Na4 13. Nxa4 Qxa4 14. b3 Qa3+ 15.
Kb1 Nc5 16. Bd3 Bd7 17. Ne1 Qa6 18. b4 Nxd3 19. Qxd3 b5 20. c5 dxc5 21. bxc5 c6
22. Nc2 Qa4 23. Rge1 Rab8 24. Qb3 f5 25. Nb4 fxg4 26. Nxc6 Bxc6 27. dxc6 Qxb3+
28. axb3 Rbc8 29. hxg4 Rxc6 30. Be3 Rc7 31. Rd5 b4 32. Kc2 Kg8 33. Ra1 Rfc8 34.
Kd3 Kf7 35. Kc4 Rb8 36. Ra4 h5 37. Rxb4 Rxb4+ 38. Kxb4 h4 39. Rd1 Bf8 40. g5
Ke6 41. Rh1 Rh7 42. Rh3 Kd7 43. Kb5 Kc7 44. b4 Be7 45. Ka6 Kb8 46. b5 Bd8 47.
b6 axb6 48. cxb6 Kc8 49. Rxh4 Rd7 50. Rh8 Kb8 51. Bc5 Rd2 52. Rxd8+ Rxd8 53. b7
Rd6+ 54. Bxd6# 1-0

[Event "19th Hogeschool Zeeland Tournament"]
[Site "Vlissingen"]
[Date "2015.08.05"]
[Round "6"]
[Board "28"]
[White "Van Der Eyk, Dick"]
[Black "Bezemer, Arno"]
[Result "1/2-1/2"]
[WhiteElo "2014"]
[BlackElo "2305"]
[PlyCount "65"]
[EventDate "2015.08.01"]
[EventRounds "9"]
[EventCountry "NED"]

1. c4 g6 2. Nc3 c5 3. g3 Bg7 4. Bg2 Nc6 5. e4 d6 6. Nge2 Nf6 7. O-O Nd7 8. d3
Nf8 9. f4 Ne6 10. Be3 Ned4 11. Qd2 O-O 12. Rad1 Bd7 13. h3 a6 14. g4 f5 15.
exf5 gxf5 16. g5 b5 17. Ng3 Rb8 18. b3 b4 19. Nce2 a5 20. Nxd4 Nxd4 21. Ne2 e5
22. Nxd4 cxd4 23. Bf2 Qc7 24. Bd5+ Kh8 25. Bg3 Rbe8 26. Rde1 Re7 27. Qg2 Be8
28. h4 Bh5 29. Bf3 Bxf3 30. Qxf3 Qd7 31. h5 h6 32. Bh4 e4 33. Qh3 1/2-1/2

[Event "19th Hogeschool Zeeland Tournament"]
[Site "Vlissingen"]
[Date "2015.08.05"]
[Round "6"]
[Board "29"]
[White "Neubronner, Jarred"]
[Black "Smeets, Pierre"]
[Result "0-1"]
[WhiteElo "2280"]
[BlackElo "2082"]
[PlyCount "60"]
[EventDate "2015.08.01"]
[EventRounds "9"]
[EventCountry "NED"]

1. e4 e6 2. d3 c5 3. Nf3 Nc6 4. g3 g6 5. Bg2 Bg7 6. O-O Nge7 7. Re1 d6 8. h4
O-O 9. Nbd2 e5 10. Nf1 h6 11. Ne3 Be6 12. h5 Qd7 13. c3 f5 14. Nd5 Nxd5 15.
exd5 Bxd5 16. hxg6 Ne7 17. Nh4 Bxg2 18. Kxg2 f4 19. Qh5 Nf5 20. Nf3 fxg3 21.
fxg3 Qc6 22. Re4 Rae8 23. g4 d5 24. Rxe5 Rxe5 25. Nxe5 Qe6 26. Nf7 Qe2+ 27. Kg1
Qe1+ 28. Kg2 Nh4+ 29. Kh3 Qh1+ 30. Kg3 Qg2+ 0-1

[Event "19th Hogeschool Zeeland Tournament"]
[Site "Vlissingen"]
[Date "2015.08.05"]
[Round "6"]
[Board "30"]
[White "Gutkind, Kedem"]
[Black "Wunnink, Michael"]
[Result "0-1"]
[WhiteElo "2065"]
[BlackElo "2253"]
[PlyCount "78"]
[EventDate "2015.08.01"]
[EventRounds "9"]
[EventCountry "NED"]

1. e4 e6 2. d3 d5 3. Nd2 Nf6 4. Ngf3 Nc6 5. g3 dxe4 6. dxe4 e5 7. Bg2 Bc5 8.
O-O Be6 9. c3 a5 10. Qc2 O-O 11. b3 Qe7 12. a3 Ng4 13. h3 Nxf2 14. Rxf2 Bxf2+
15. Kxf2 Qc5+ 16. Ke2 Rad8 17. Ra2 a4 18. b4 Qb6 19. Rb2 f5 20. exf5 Bd5 21. c4
Bxf3+ 22. Nxf3 e4 23. c5 exf3+ 24. Kf2 Qa7 25. Bxf3 Nd4 26. Qc4+ Kh8 27. Bg5 b5
28. Qc3 Rxf5 29. Bxd8 Rxf3+ 30. Qxf3 Nxf3 31. Re2 Kg8 32. Re8+ Kf7 33. Re7+ Kg6
34. Bxc7 Qa8 35. Be5 Qf8 36. Re6+ Kf5 37. Bd6 Qf7 38. Re7 Qd5 39. Re3 Nd4 0-1

[Event "19th Hogeschool Zeeland Tournament"]
[Site "Vlissingen"]
[Date "2015.08.05"]
[Round "6"]
[Board "31"]
[White "Hovenga, Alje"]
[Black "Van Der Zalm, Marnix"]
[Result "1/2-1/2"]
[WhiteElo "2232"]
[BlackElo "2074"]
[PlyCount "67"]
[EventDate "2015.08.01"]
[EventRounds "9"]
[EventCountry "NED"]

1. d4 f5 2. g3 Nf6 3. Bg2 g6 4. b3 Bg7 5. Bb2 O-O 6. Nf3 d6 7. O-O Qe8 8. c4 h6
9. Qc2 Na6 10. Nbd2 g5 11. e4 fxe4 12. Nxe4 c6 13. Rfe1 Qf7 14. Nxf6+ Bxf6 15.
Qe2 Bd7 16. Ne5 dxe5 17. dxe5 Bg7 18. e6 Bxe6 19. Bxg7 Kxg7 20. Qe5+ Qf6 21.
Qxe6 Qxf2+ 22. Kh1 Qf6 23. Qd7 Nc5 24. Qxe7+ Qxe7 25. Rxe7+ Rf7 26. Re5 Nd3 27.
Re3 Nf2+ 28. Kg1 Ng4 29. Re2 Rd8 30. Rae1 Rd4 31. Re4 Rxe4 32. Rxe4 Nf6 33. Rd4
Rd7 34. Rxd7+ 1/2-1/2

[Event "19th Hogeschool Zeeland Tournament"]
[Site "Vlissingen"]
[Date "2015.08.05"]
[Round "6"]
[Board "32"]
[White "Tissink, Arjan"]
[Black "Foisor, Sabina-Francesca"]
[Result "0-1"]
[WhiteElo "2010"]
[BlackElo "2230"]
[PlyCount "122"]
[EventDate "2015.08.01"]
[EventRounds "9"]
[EventCountry "NED"]

1. d4 Nf6 2. Bg5 d5 3. Nd2 c5 4. e3 Nc6 5. c3 Qb6 6. Bxf6 exf6 7. Qb3 Be6 8.
Qxb6 axb6 9. Ngf3 Bd6 10. Bd3 c4 11. Bc2 b5 12. O-O b4 13. e4 b5 14. Rfe1 Kd7
15. exd5 Bxd5 16. Be4 Ne7 17. Re2 bxc3 18. bxc3 Ra3 19. Nb1 Ra5 20. Bxd5 Nxd5
21. g3 Rha8 22. Rc2 Kc6 23. Kf1 Re8 24. Ne1 h5 25. Ng2 f5 26. Nd2 Ra3 27. Nb1
Ra4 28. Nd2 Bc7 29. Re1 Rea8 30. Ra1 Ba5 31. Nb1 Re8 32. a3 Bc7 33. Re2 Rea8
34. Ne3 Nxe3+ 35. fxe3 Bd6 36. Rea2 h4 37. Kg2 Re8 38. Kf3 g6 39. Nd2 Rea8 40.
Nb1 R4a7 41. gxh4 Rh8 42. a4 bxa4 43. Rxa4 Rxa4 44. Rxa4 Rxh4 45. Rxc4+ Kd7 46.
Ke2 Rxh2+ 47. Kd3 Rh3 48. d5 g5 49. Kd4 Rh2 50. Kd3 g4 51. Ra4 g3 52. Ra7+ Bc7
53. Nd2 g2 54. Nf3 Rh3 55. Ng1 Rh1 56. Ra1 Bh2 57. Ra7+ Kd6 58. Nf3 Rf1 59.
Ra6+ Kxd5 60. c4+ Kc5 61. Ra5+ Kd6 0-1

[Event "19th Hogeschool Zeeland Tournament"]
[Site "Vlissingen"]
[Date "2015.08.05"]
[Round "6"]
[Board "33"]
[White "Van Den Berg, Ad"]
[Black "De Vleeschauwer, Maarten"]
[Result "0-1"]
[WhiteElo "2225"]
[BlackElo "2002"]
[PlyCount "82"]
[EventDate "2015.08.01"]
[EventRounds "9"]
[EventCountry "NED"]

1. e4 c5 2. Nc3 e6 3. Nge2 a6 4. g3 b6 5. Bg2 Bb7 6. O-O d6 7. a4 Qc7 8. h3 Be7
9. d4 cxd4 10. Nxd4 Nd7 11. Nb3 Ngf6 12. f4 h5 13. Qe2 Rc8 14. Re1 g6 15. Bd2
O-O 16. Rad1 Rfd8 17. Bc1 Nc5 18. Nxc5 Qxc5+ 19. Be3 Qc7 20. g4 hxg4 21. hxg4
d5 22. exd5 Nxd5 23. Nxd5 Bxd5 24. Bxd5 exd5 25. c3 Bc5 26. Bxc5 Qxc5+ 27. Rd4
b5 28. axb5 axb5 29. Qe7 Qc6 30. Qg5 Kg7 31. Re7 Qa6 32. Re2 Re8 33. Rdd2 b4
34. Rxe8 Rxe8 35. Kf2 bxc3 36. bxc3 Qb6+ 37. Kg2 Re1 38. Rf2 Qc6 39. Rf3 Qb6
40. Rf1 Re2+ 41. Kh1 Qb7 0-1

[Event "19th Hogeschool Zeeland Tournament"]
[Site "Vlissingen"]
[Date "2015.08.05"]
[Round "6"]
[Board "34"]
[White "Van Der Borgt, Peter"]
[Black "Linster, Philippe"]
[Result "0-1"]
[WhiteElo "1989"]
[BlackElo "2219"]
[PlyCount "120"]
[EventDate "2015.08.01"]
[EventRounds "9"]
[EventCountry "NED"]

1. e4 e5 2. Nf3 Nc6 3. c3 d5 4. Qa4 dxe4 5. Nxe5 Qd5 6. Nxc6 bxc6 7. Bc4 Qd7 8.
d3 exd3 9. Bxd3 Bd6 10. Be3 Ne7 11. Nd2 O-O 12. Ne4 Nd5 13. O-O-O Nxe3 14. fxe3
Qe7 15. Nxd6 cxd6 16. Qe4 Qxe4 17. Bxe4 d5 18. Bf3 Bf5 19. Rd4 Rfe8 20. Re1 Re5
21. c4 Rc8 22. Kd2 dxc4 23. Bxc6 Rc5 24. Bd7 Bxd7 25. Rxd7 c3+ 26. bxc3 Rxc3
27. Rd8+ Rxd8+ 28. Kxc3 Kf8 29. Re2 Ke7 30. Kc4 Ke6 31. g4 Ke5 32. Rf2 Rd7 33.
Kb5 Ke4 34. Kc6 Re7 35. Kd6 Rb7 36. Kc6 Rb6+ 37. Kd7 f6 38. Rf4+ Kxe3 39. Ra4
Rb7+ 40. Ke6 Kf3 41. h3 Kg3 42. Ra3+ Kh4 43. Kf5 Rb5+ 44. Ke6 a5 45. Kf7 Rg5
46. Rc3 h5 47. gxh5 Kxh5 48. Rc4 Rg3 49. Rc5+ Kh4 50. Rxa5 Kxh3 51. a4 Kh4 52.
Rc5 g5 53. a5 Ra3 54. Kxf6 g4 55. Kf5 g3 56. Kf4 Kh3 57. Rh5+ Kg2 58. Re5 Kf2
59. Rb5 Ra4+ 60. Kg5 g2 0-1

[Event "19th Hogeschool Zeeland Tournament"]
[Site "Vlissingen"]
[Date "2015.08.05"]
[Round "6"]
[Board "35"]
[White "Gijsen, Stief"]
[Black "Galle, Andre"]
[Result "1-0"]
[WhiteElo "2203"]
[BlackElo "2002"]
[PlyCount "71"]
[EventDate "2015.08.01"]
[EventRounds "9"]
[EventCountry "NED"]

1. e4 e6 2. d4 d5 3. Nc3 Bb4 4. e5 c5 5. a3 Bxc3+ 6. bxc3 Ne7 7. Qg4 Qc7 8. Bd3
cxd4 9. Ne2 dxc3 10. Qxg7 Rg8 11. Qxh7 Nbc6 12. Bf4 Bd7 13. O-O d4 14. Bg3
O-O-O 15. Qxf7 Rdf8 16. Qh7 Rh8 17. Qe4 Nf5 18. f4 Be8 19. Bc4 Nd8 20. Qd3 Ne3
21. Bb3 Bc6 22. Nxd4 Nxg2 23. Nxc6 Qxc6 24. Qf3 Nh4 25. Qxc6+ bxc6 26. Rad1 Nf5
27. Rd3 Rfg8 28. Rfd1 Rh7 29. Rxd8+ Rxd8 30. Bxe6+ Kc7 31. Rxd8 Kxd8 32. Bxf5
Rb7 33. Kg2 Rb1 34. Bf2 Ra1 35. Bc5 Rd1 36. e6 1-0

[Event "19th Hogeschool Zeeland Tournament"]
[Site "Vlissingen"]
[Date "2015.08.05"]
[Round "6"]
[Board "36"]
[White "Van Houtte, Randy"]
[Black "Verduyn, Frederic"]
[Result "1-0"]
[WhiteElo "1977"]
[BlackElo "2199"]
[PlyCount "86"]
[EventDate "2015.08.01"]
[EventRounds "9"]
[EventCountry "NED"]

1. c4 d6 2. Nc3 e5 3. g3 f5 4. Bg2 c6 5. e3 Nf6 6. Nge2 Be7 7. O-O O-O 8. d4 e4
9. Rb1 a5 10. a3 Be6 11. d5 Bf7 12. f3 cxd5 13. cxd5 b5 14. fxe4 b4 15. e5 Ng4
16. e6 Be8 17. Na4 Bb5 18. Re1 Qe8 19. b3 Ne5 20. Nd4 Bd3 21. Ra1 Be4 22. Bxe4
fxe4 23. Rf1 Bf6 24. Bb2 Nd3 25. Qg4 Qg6 26. Qxg6 hxg6 27. Nb6 Ra7 28. Nc4 Rc7
29. Rab1 Na6 30. Ba1 bxa3 31. Nxa3 Rc5 32. Nc6 Bxa1 33. Ne7+ Kh7 34. Rxf8 Bf6
35. Nc6 Ndb4 36. e7 Nc7 37. e8=Q Nxe8 38. Rxe8 Nxd5 39. Nd4 Nxe3 40. Rxe4 d5
41. Ne6 Rc3 42. Ra4 Rc6 43. Nd4 Rc1+ 1-0

[Event "19th Hogeschool Zeeland Tournament"]
[Site "Vlissingen"]
[Date "2015.08.05"]
[Round "6"]
[Board "37"]
[White "Grochal, Joey"]
[Black "Parnali, S Dharia"]
[Result "1-0"]
[WhiteElo "2187"]
[BlackElo "1978"]
[PlyCount "167"]
[EventDate "2015.08.01"]
[EventRounds "9"]
[EventCountry "NED"]

1. d4 d5 2. c4 e6 3. Nc3 c5 4. cxd5 exd5 5. Nf3 Nc6 6. g3 Nf6 7. Bg2 Be7 8. O-O
O-O 9. Bg5 c4 10. Ne5 Be6 11. f4 Ng4 12. Nxg4 Bxg4 13. Bxd5 Bxg5 14. fxg5 Qxg5
15. Rf4 Rad8 16. Qd2 Ne7 17. Bxc4 Ng6 18. Ne4 Qh5 19. Rf2 Ne5 20. Bb3 Nc6 21.
d5 Rfe8 22. Qf4 Na5 23. Ba4 Re5 24. Nc3 b6 25. e4 Nc4 26. Bd1 Bxd1 27. Rxd1 Nd6
28. g4 Qg5 29. Qxg5 Rxg5 30. Rg2 Re8 31. Rd4 Rge5 32. Re2 h5 33. gxh5 f5 34.
Rg2 fxe4 35. h6 Nf5 36. Ra4 Nxh6 37. Rxa7 Nf5 38. Kf2 e3+ 39. Ke1 Kf8 40. Rg4
e2 41. Rf4 g5 42. Rf2 Kg8 43. Ra4 Ne3 44. Rxe2 Nxd5 45. Rae4 Nf4 46. Rxe5 Nd3+
47. Kd1 Nxe5 48. Nd5 Re6 49. Kc2 Kf7 50. a4 Rc6+ 51. Nc3 Kf6 52. Rf2+ Kg6 53.
b4 Kh5 54. Kb3 Kh4 55. Nd5 Rd6 56. Nxb6 Rxb6 57. b5 g4 58. Re2 Nf3 59. Kc4 Kh3
60. Rb2 Rd6 61. Kc5 Rd2 62. Rxd2 Nxd2 63. a5 Kxh2 64. b6 Nb3+ 65. Kb5 Nd4+ 66.
Kc5 Nb3+ 67. Kb4 Nd4 68. b7 Nc6+ 69. Kb5 Nb8 70. a6 Nxa6 71. Kxa6 g3 72. b8=Q
Kh1 73. Kb5 g2 74. Qh8+ Kg1 75. Kc4 Kf1 76. Qf6+ Ke2 77. Qg5 Kf2 78. Qf4+ Ke1
79. Qg3+ Kf1 80. Qf3+ Kg1 81. Kd3 Kh2 82. Qf2 Kh1 83. Qh4+ Kg1 84. Ke3 1-0

[Event "19th Hogeschool Zeeland Tournament"]
[Site "Vlissingen"]
[Date "2015.08.05"]
[Round "6"]
[Board "38"]
[White "Van Der Sloot, Olaf"]
[Black "Timmermans, Ivo"]
[Result "0-1"]
[WhiteElo "1928"]
[BlackElo "2183"]
[PlyCount "70"]
[EventDate "2015.08.01"]
[EventRounds "9"]
[EventCountry "NED"]

1. d4 d5 2. c4 c6 3. Nc3 Nf6 4. cxd5 cxd5 5. Bf4 Nc6 6. e3 Bf5 7. Bd3 Bxd3 8.
Qxd3 e6 9. Nf3 Be7 10. h3 O-O 11. O-O Qb6 12. Ne5 Rfc8 13. Qe2 Nxe5 14. Bxe5
Rc4 15. e4 Qc6 16. exd5 Nxd5 17. Nxd5 Qxd5 18. b3 Rc6 19. Rac1 Rac8 20. Rxc6
Rxc6 21. Rd1 f6 22. Bb8 a6 23. Bg3 Kf7 24. Qd3 g6 25. Rd2 Rc1+ 26. Kh2 Rc6 27.
Qe3 Bf8 28. Re2 h5 29. Qf4 g5 30. Qb8 Rc3 31. Re3 Rc2 32. h4 Rxf2 33. Qc7+ Kg6
34. Rf3 Qxf3 35. Bxf2 Qxf2 0-1

[Event "19th Hogeschool Zeeland Tournament"]
[Site "Vlissingen"]
[Date "2015.08.05"]
[Round "6"]
[Board "39"]
[White "Nicolai, Erik"]
[Black "Riksen, John"]
[Result "0-1"]
[WhiteElo "2168"]
[BlackElo "1983"]
[PlyCount "110"]
[EventDate "2015.08.01"]
[EventRounds "9"]
[EventCountry "NED"]

1. g3 c5 2. Bg2 Nc6 3. c4 g6 4. Nf3 Bg7 5. O-O Nf6 6. d4 cxd4 7. Nxd4 O-O 8.
Nc3 Nxd4 9. Qxd4 d6 10. Qh4 Re8 11. Bg5 Rb8 12. Rfd1 Qb6 13. b3 Ng4 14. Nd5
Qxf2+ 15. Kh1 Bxa1 16. Bf3 f6 17. Bd2 Qxh2+ 18. Qxh2 Nxh2 19. Kxh2 Be5 20. Be3
b6 21. Nc7 Rd8 22. Nd5 Kf7 23. Nb4 Bb7 24. Nc6 Bxc6 25. Bxc6 g5 26. a4 h5 27.
Kh3 Rh8 28. Bf2 f5 29. e3 g4+ 30. Kg2 h4 31. Rf1 hxg3 32. Bxg3 Bxg3 33. Kxg3
Rh3+ 34. Kg2 Rxe3 35. Rxf5+ Kg6 36. Rf4 Kg5 37. Rf7 Re2+ 38. Kf1 Re5 39. Kg2
Re3 40. Bd7 Rg8 41. b4 g3 42. c5 dxc5 43. bxc5 bxc5 44. Rf5+ Kg6 45. Rxc5 Rh8
46. Bf5+ Kf6 47. Bh3 Ra3 48. Rc6+ Kf7 49. Rc2 Rxa4 50. Rc3 Rg8 51. Rf3+ Kg6 52.
Kxg3 e5 53. Be6 Rg7 54. Bd5 a5 55. Kf2 Rf4 0-1

[Event "19th Hogeschool Zeeland Tournament"]
[Site "Vlissingen"]
[Date "2015.08.05"]
[Round "6"]
[Board "40"]
[White "Buckels, Valentin"]
[Black "Bloem, Mark"]
[Result "0-1"]
[WhiteElo "2152"]
[BlackElo "1959"]
[PlyCount "106"]
[EventDate "2015.08.01"]
[EventRounds "9"]
[EventCountry "NED"]

1. d4 Nf6 2. c4 e6 3. Nf3 c5 4. d5 exd5 5. cxd5 d6 6. Nc3 a6 7. a4 g6 8. Bf4
Bg7 9. h3 O-O 10. e3 Re8 11. Be2 Qc7 12. O-O Nbd7 13. Bh2 Ne4 14. Nxe4 Rxe4 15.
Nd2 Re8 16. Qc2 b6 17. Ra3 Bb7 18. e4 f5 19. Bf3 fxe4 20. Bxe4 Nf6 21. Bf3 b5
22. Rb3 Qd7 23. axb5 axb5 24. Ne4 Nxe4 25. Bxe4 b4 26. Rg3 Rad8 27. Rg4 Qf7 28.
Rf4 Qe7 29. Bg3 Rf8 30. Bh4 Bf6 31. Bxg6 Bxh4 32. Re4 Qf6 33. Bxh7+ Kh8 34. Re6
Qg7 35. Be4 Rf6 36. Rxf6 Bxf6 37. Qe2 Qg5 38. Ra1 Ra8 39. Rd1 Bd4 40. Qf3 Kg7
41. h4 Qxh4 42. Qf5 Rf8 43. Qg6+ Kh8 44. g3 Bxf2+ 45. Kg2 Bxg3 46. Qh7+ Qxh7
47. Bxh7 Kxh7 48. Kxg3 Rf5 49. Ra1 Bxd5 50. Ra6 Rf6 51. Rb6 Kg6 52. Kg4 Bf3+
53. Kg3 Be4 0-1

[Event "19th Hogeschool Zeeland Tournament"]
[Site "Vlissingen"]
[Date "2015.08.05"]
[Round "6"]
[Board "41"]
[White "Lacrosse, Marc"]
[Black "Sparreboom, Wil"]
[Result "1-0"]
[WhiteElo "2139"]
[BlackElo "1958"]
[PlyCount "69"]
[EventDate "2015.08.01"]
[EventRounds "9"]
[EventCountry "NED"]

1. d4 d5 2. c4 dxc4 3. Nf3 Nf6 4. e3 c6 5. Bxc4 e6 6. O-O Nbd7 7. Qe2 Be7 8. e4
b5 9. Bd3 Bb7 10. Bg5 a6 11. Nbd2 h6 12. Bh4 c5 13. e5 Nd5 14. Ne4 g5 15. Bg3
cxd4 16. Nxd4 Nf4 17. Bxf4 gxf4 18. Qh5 Nf8 19. Nxb5 Rg8 20. Rfd1 Bd5 21. Nbd6+
Bxd6 22. Bb5+ axb5 23. Rxd5 exd5 24. Nxd6+ Qxd6 25. exd6 Ne6 26. Qxd5 Rd8 27.
Qxb5+ Kf8 28. Rd1 Rg5 29. Qb4 Kg8 30. f3 h5 31. h4 Rg6 32. Rd5 Ng7 33. Qxf4 Re6
34. a4 Ne8 35. Qg5+ 1-0

[Event "19th Hogeschool Zeeland Tournament"]
[Site "Vlissingen"]
[Date "2015.08.05"]
[Round "6"]
[Board "42"]
[White "Sekandar, Kambiz"]
[Black "Delaere, Koen"]
[Result "1-0"]
[WhiteElo "2130"]
[BlackElo "1924"]
[PlyCount "71"]
[EventDate "2015.08.01"]
[EventRounds "9"]
[EventCountry "NED"]

1. e4 c5 2. c3 Nf6 3. e5 Nd5 4. Nf3 e6 5. d4 cxd4 6. cxd4 d6 7. Bc4 Nc6 8. O-O
Be7 9. Qe2 Nb6 10. Bb3 O-O 11. Nc3 a6 12. Bf4 d5 13. Rac1 Bd7 14. Bc2 Re8 15.
a3 Nc4 16. Bb1 Qb6 17. Qd3 g6 18. Bh6 Nxb2 19. Qe3 Nc4 20. Qf4 Rec8 21. Ne2 Qd8
22. Ng3 Nxa3 23. Nh5 Nxb1 24. Rxb1 b5 25. Ng5 Be8 26. Nxh7 Kxh7 27. Nf6+ Bxf6
28. exf6 Nxd4 29. Qxd4 Rc4 30. Qe5 Kxh6 31. f4 Qb6+ 32. Kh1 Qd4 33. Qg5+ Kh7
34. Rbd1 Rc1 35. Rxc1 Qb2 36. Rb1 1-0

[Event "19th Hogeschool Zeeland Tournament"]
[Site "Vlissingen"]
[Date "2015.08.05"]
[Round "6"]
[Board "43"]
[White "Westerweele, Henrik"]
[Black "Stange, Sven"]
[Result "1/2-1/2"]
[WhiteElo "1904"]
[BlackElo "2108"]
[PlyCount "33"]
[EventDate "2015.08.01"]
[EventRounds "9"]
[EventCountry "NED"]

1. e4 e5 2. Nf3 Nf6 3. Nxe5 d6 4. Nf3 Nxe4 5. Nc3 Nxc3 6. dxc3 Be7 7. Bf4 Nc6
8. Qd2 Be6 9. O-O-O Qd7 10. Bb5 a6 11. Be2 O-O-O 12. Kb1 Bf6 13. Rhe1 h6 14.
Be3 Kb8 15. Nd4 Nxd4 16. Bxd4 Bxd4 17. cxd4 1/2-1/2

[Event "19th Hogeschool Zeeland Tournament"]
[Site "Vlissingen"]
[Date "2015.08.05"]
[Round "6"]
[Board "44"]
[White "Kampman, Tijmen"]
[Black "Westerweele, Maarten"]
[Result "1-0"]
[WhiteElo "2102"]
[BlackElo "1851"]
[PlyCount "73"]
[EventDate "2015.08.01"]
[EventRounds "9"]
[EventCountry "NED"]

1. c4 Nf6 2. g3 g6 3. Bg2 d5 4. Nf3 Bg7 5. O-O Nc6 6. Na3 O-O 7. d3 dxc4 8.
Nxc4 Ne8 9. Bd2 Nd6 10. Nxd6 cxd6 11. Bc3 Bxc3 12. bxc3 Qa5 13. Qd2 Kg7 14.
Rfb1 Rb8 15. a4 Qc7 16. Rb2 b6 17. c4 f6 18. Qc3 e5 19. Ne1 Na5 20. Nc2 Bb7 21.
Nb4 Bxg2 22. Kxg2 Qd7 23. Nd5 Rfc8 24. Rb5 Rc5 25. Re1 Re8 26. Qa3 Rxb5 27.
axb5 h5 28. h4 Qe6 29. f3 f5 30. Qb4 Kf7 31. Qd2 Kg7 32. Qg5 Rf8 33. Kf2 Rf7
34. Qe3 Nb7 35. d4 Na5 36. dxe5 Nxc4 37. Qd4 1-0

[Event "19th Hogeschool Zeeland Tournament"]
[Site "Vlissingen"]
[Date "2015.08.05"]
[Round "6"]
[Board "45"]
[White "Hemmes, Maarten"]
[Black "Vrolijk, Liam"]
[Result "0-1"]
[WhiteElo "1903"]
[BlackElo "2095"]
[PlyCount "118"]
[EventDate "2015.08.01"]
[EventRounds "9"]
[EventCountry "NED"]

1. e4 e6 2. d4 d5 3. Nd2 c5 4. exd5 Qxd5 5. dxc5 Bxc5 6. Ngf3 Nf6 7. Bd3 O-O 8.
Qe2 Be7 9. O-O Nbd7 10. c4 Qd6 11. b3 Rd8 12. Bc2 Nf8 13. Bb2 Ng6 14. Ne4 Nxe4
15. Qxe4 Qf4 16. Rad1 Qxe4 17. Bxe4 f5 18. Bc2 Bd7 19. Rfe1 Kf7 20. Ne5+ Nxe5
21. Bxe5 Bc6 22. Bc7 Rdc8 23. Bd6 Bf6 24. c5 g6 25. Bd3 Bd5 26. Bb5 Bc3 27. Re2
a6 28. Bd3 Bb4 29. Rc2 b6 30. Be2 bxc5 31. Rdc1 Ba3 32. Rd1 Rc6 33. Be5 Bb4 34.
Bc4 Rd8 35. Bb2 Rcd6 36. Be5 Rc6 37. Bb2 Rcd6 38. Be5 R6d7 39. Bxa6 Be4 40.
Rxd7+ Rxd7 41. Rc1 Ra7 42. Bc4 Rxa2 43. Rd1 Rd2 44. Ra1 Rd7 45. f3 Bd5 46. Rd1
Ke7 47. Bb5 Ra7 48. Ba4 Rb7 49. Kf2 Ba5 50. Rd3 Bc7 51. Bb2 Bxh2 52. g3 f4 53.
Ba3 Bxg3+ 54. Kg2 g5 55. Bxc5+ Kf6 56. b4 Be1 57. b5 Ba5 58. Rd4 Ke5 59. Rd1 g4
 0-1